| 000 | 01328nam a2200349Ia 4500 | ||
|---|---|---|---|
| 001 | ebr10409314 | ||
| 003 | CaPaEBR | ||
| 006 | m u | ||
| 007 | cr cn||||||||| | ||
| 008 | 100617s2010 enkab sb 001 0 eng d | ||
| 020 | _z1848133480 (hbk.) | ||
| 020 | _z1848133499 (pbk.) | ||
| 020 | _z1848133502 (ebk.) | ||
| 020 | _z9781848133488 (hbk.) | ||
| 020 | _z9781848133495 (pbk.) | ||
| 020 | _z9781848133501 (ebk.) | ||
| 040 |
_aCaPaEBR _cCaPaEBR |
||
| 035 | _a(OCoLC)662453014 | ||
| 050 | 1 | 4 |
_aHB95 _b.R55 2010eb |
| 245 | 0 | 4 |
_aThe rise and fall of neoliberalism _h[electronic resource] : _bthe collapse of an economic order? / _cedited by Kean Birch and Vlad Mykhnenko. |
| 260 |
_aLondon ; _aNew York : _bZed Books, _c2010. |
||
| 300 |
_a280 p. : _bill., map. |
||
| 504 | _aIncludes bibliographical references and index. | ||
| 533 |
_aElectronic reproduction. _bPalo Alto, Calif. : _cebrary, _d2010. _nAvailable via World Wide Web. _nAccess may be limited to ebrary affiliated libraries. |
||
| 650 | 0 | _aNeoliberalism. | |
| 650 | 0 | _aLiberalism. | |
| 655 | 7 |
_aElectronic books. _2local |
|
| 700 | 1 | _aBirch, Kean. | |
| 700 | 1 | _aMykhnenko, Vlad. | |
| 710 | 2 | _aebrary, Inc. | |
| 856 | 4 | 0 |
_uhttp://site.ebrary.com/lib/rucke/Doc?id=10409314 _zAn electronic book accessible through the World Wide Web; click to view |
| 999 |
_c80343 _d80343 |
||